| 000 | 00643nam a22002297a 4500 | ||
|---|---|---|---|
| 005 | 20221205022803.0 | ||
| 008 | 221205b |||||||| |||| 00| 0 eng d | ||
| 020 | _a0-439-02349-8 | ||
| 082 | _aFic. C713 2009 | ||
| 100 |
_aCollins, Suzanne _eauthor |
||
| 245 |
_aCatching Fire / _cSuzanne Collins |
||
| 250 | _a1st ed. | ||
| 260 |
_aNew York: _bScholastic Press, _cc2009. |
||
| 300 | _a391p. | ||
| 490 | _aThe hunger games, book 2 | ||
| 541 | _e5309 | ||
| 650 | _aInsurgency - Fiction | ||
| 650 | _aSurvival - Fiction | ||
| 650 | _aInterpersonal relations - Fiction | ||
| 650 | _aContests - Fiction | ||
| 650 | _aScience fiction | ||
| 999 |
_c312 _d312 |
||